000 00597nam a2200169 i 4500
001 127482
003 ES-MaACL
005 20230906193025.0
007 t|
008 070214s1973 sp |||| | spa d
100 1 _aRidruejo Ruiz-Zorrilla, Leopoldo.
_997070
245 1 3 _aLa progresiva diferencia entre regiones ricas y pobres no puede continuar
_b: (pensando en Soria) /
_cLeopoldo Ridruejo Ruiz-Zorrilla.
260 _aMadrid :
_b[s. n.],
_c1973 (
_fGráf. Uguina)
300 _a244 p. ;
_c20 cm.
651 4 _aSoria (Provincia)-
_xSituación económica.
_9164568
852 _aES-MaACL
_jC-54919
999 _c127482
_d127482